| 000 | 00686nam a22002177a 4500 | ||
|---|---|---|---|
| 999 |
_c34105 _d34105 |
||
| 003 | OSt | ||
| 005 | 20230601145007.0 | ||
| 008 | 230601b ||||| |||| 00| 0 eng d | ||
| 020 | _a84-323-0464-6 | ||
| 040 |
_aBMC _cBMC |
||
| 082 | _a612 | ||
| 245 | 0 | 0 |
_aFundamentos de psicofisiologia _cA.A. Smirnóv, redactor-jefe; [Traducción, Lydia Kúper de Velasco] |
| 250 | _a1ª ed. | ||
| 260 |
_aEspaña _bSiglo Veintiuno _c1983 |
||
| 300 |
_a370 p. _c24 cm |
||
| 546 | _aTraducción de: Estestviennonauchnie osnobi psijologii | ||
| 650 | 2 | 4 |
_9580 _aFisiología humana |
| 700 | 1 |
_947454 _aSmirnóv, A.A. |
|
| 700 | 1 |
_947455 _aKúper de Velasco, Lydia |
|
| 942 |
_2ddc _cBK _hprozim |
||